00417nam a2200145Ia 4500008004100000041000900041082001800050100001800068245001800086260003900104300000800143650000800151999001700159952009500176230718s9999 xx 000 0 und d aEng. a346.01bMAR-M aMartin, Fille 0aModern Equity aPakistanbSweet and Morwell c1997 a927 aLaw c29281d29281 00104070aSIRC-LbSIRC-Ld2023-07-18l0o346.01 MAR-Mp24232r2023-07-18w2023-07-18yBK